Legado en los huesos / (Record no. 192106)

MARC details
000 -LEADER
campo de control de longitud fija 01061cam a2200301 i 4500
001 - NÚMERO DE CONTROL
campo de control 192106
003 - IDENTIFICADOR DE NÚMERO DE CONTROL
campo de control ES-MaACL
005 - FECHA Y HORA DE LA ÚLTIMA TRANSACCIÓN
campo de control 20240229063328.0
008 - DATOS DE LONGITUD FIJA--INFORMACIÓN GENERAL
campo de control de longitud fija 221104s2018 sp | |||| 000 f spa
017 ## - NÚMERO DE COPYRIGHT O DE DEPÓSITO LEGAL
Número de copyright o de depósito legal B 6441-2016
Agencia que asigna Oficina Depósito Legal Barcelona
020 ## - NÚMERO INTERNACIONAL ESTÁNDAR DEL LIBRO
Número Internacional Estándar del Libro 9788423351008
040 ## - FUENTE DE CATALOGACIÓN
Centro/agencia transcriptor ES-MaACL
080 ## - NÚMERO DE LA CLASIFICACIÓN DECIMAL UNIVERSAL
Número de la Clasificación Decimal Universal 821.134.2-31"19"
100 1# - ENTRADA PRINCIPAL--NOMBRE DE PERSONA
Nombre de persona Redondo, Dolores,
Fechas asociadas al nombre 1969-
Término indicativo de función/relación Autor
9 (RLIN) 175717
245 10 - MENCIÓN DEL TÍTULO
Título Legado en los huesos /
Mención de responsabilidad, etc. Dolores Redondo.
250 ## - MENCION DE EDICION
Mención de edición Primera edición en Booket: mayo de 2016, vigesimocuarta impresión: octubre de 2018
264 #1 - PRODUCCIÓN, PUBLICACIÓN, DISTRIBUCIÓN, FABRICACIÓN Y COPYRIGHT
Producción, publicación, distribución, fabricación y copyright [Barcelona] :
Nombre del de productor, editor, distribuidor, fabricante Destino,
Fecha de producción, publicación, distribución, fabricación o copyright 2018
300 ## - DESCRIPCIÓN FÍSICA
Extensión 553 páginas ;
Dimensiones 19 cm.
490 1# - MENCIÓN DE SERIE
Mención de serie Crimen y misterio
Designación de volumen o secuencia ; 2685
490 1# - MENCIÓN DE SERIE
Mención de serie Trilogía del Baztán
Designación de volumen o secuencia ; 2
650 #7 - PUNTO DE ACCESO ADICIONAL DE MATERIA--TÉRMINO DE MATERIA
Término de materia o nombre geográfico como elemento de entrada Novelas policíacas
Fuente del encabezamiento o término
9 (RLIN) 174127
830 1# - PUNTO DE ACCESO ADICIONAL DE SERIE-TÍTULO UNIFORME
Título uniforme Crimen y misterio ;
Designación de volumen o secuencia 2685
9 (RLIN) 226093
830 1# - PUNTO DE ACCESO ADICIONAL DE SERIE-TÍTULO UNIFORME
Título uniforme Trilogía del Baztán ;
Designación de volumen o secuencia 2
9 (RLIN) 193557
852 4# - LOCALIZACIÓN
Ubicación ES-MaACL
Número de control de estantería N-8072
itemnumber 199388
Ubicación en estantería Depósito J
Sublocalización o colección R. 153177
Donativo/Legado Donación: Editorial
942 ## - ELEMENTOS DE ENTRADA SECUNDARIOS (KOHA)
Tipo de ítem Koha Libro impreso
Suprimir en OPAC No
Holdings
Estatus retirado Estado de pérdida Fuente del sistema de clasificación o colocación Estado de daño No para préstamo Biblioteca de origen Biblioteca actual Ubicación en estantería Fecha de adquisición Fuente de adquisición Total de préstamos Signatura topográfica completa Código de barras Visto por última vez Tipo de ítem Koha
    Clasificación decimal universal     Biblioteca del Ateneo de Madrid Biblioteca del Ateneo de Madrid Depósito J 04/11/2022 Donación   N-8072 101206515 23/02/2023 Libro impreso